Development ethics : (Record no. 4019)

MARC details
000 -LEADER
fixed length control field 01121cam a2200301 a 4500
001 - CONTROL NUMBER
control field 3016274
003 - CONTROL NUMBER IDENTIFIER
control field OSt
005 - DATE AND TIME OF LATEST TRANSACTION
control field 20160513154536.0
008 - FIXED-LENGTH DATA ELEMENTS--GENERAL INFORMATION
fixed length control field 940930s1995 nyua b 001 0 eng
010 ## - LIBRARY OF CONGRESS CONTROL NUMBER
LC control number 94038517
020 ## - INTERNATIONAL STANDARD BOOK NUMBER
International Standard Book Number 0945257651 (hard)
020 ## - INTERNATIONAL STANDARD BOOK NUMBER
International Standard Book Number 0945257643 (pbk.)
040 ## - CATALOGING SOURCE
Original cataloging agency DLC
Transcribing agency DLC
Modifying agency DLC
043 ## - GEOGRAPHIC AREA CODE
Geographic area code d------
050 00 - LIBRARY OF CONGRESS CALL NUMBER
Classification number HC60
Item number .G627 1995
082 00 - DEWEY DECIMAL CLASSIFICATION NUMBER
Classification number 174
Edition number 20
Item number GOU 1995
100 1# - MAIN ENTRY--PERSONAL NAME
Personal name Goulet, Denis.
9 (RLIN) 8769
245 10 - TITLE STATEMENT
Title Development ethics :
Remainder of title a guide to theory and practice /
Statement of responsibility, etc. Denis Goulet.
250 ## - EDITION STATEMENT
Edition statement Zed Books Ltd. ed.
260 ## - PUBLICATION, DISTRIBUTION, ETC. (IMPRINT)
Place of publication, distribution, etc. New York :
Name of publisher, distributor, etc. Apex Press ;
Place of publication, distribution, etc. London :
Name of publisher, distributor, etc. Zed Books Ltd.,
Date of publication, distribution, etc. 1995.
300 ## - PHYSICAL DESCRIPTION
Extent xiii, 252 p. :
Other physical details ill. ;
Dimensions 23 cm.
504 ## - BIBLIOGRAPHY, ETC. NOTE
Bibliography, etc Includes bibliographical references (p. 217-244) and index.
650 #0 - SUBJECT ADDED ENTRY--TOPICAL TERM
Topical term or geographic name as entry element Economic assistance
General subdivision Moral and ethical aspects
Geographic subdivision Developing countries.
9 (RLIN) 8770
650 #0 - SUBJECT ADDED ENTRY--TOPICAL TERM
Topical term or geographic name as entry element Technical assistance
General subdivision Moral and ethical aspects
Geographic subdivision Developing countries.
9 (RLIN) 8771
906 ## - LOCAL DATA ELEMENT F, LDF (RLIN)
a 7
b cbc
c orignew
d 1
e ocip
f 19
g y-gencatlg
942 ## - ADDED ENTRY ELEMENTS (KOHA)
Source of classification or shelving scheme Dewey Decimal Classification
Koha item type Short Loan
Holdings
Withdrawn status Lost status Source of classification or shelving scheme Damaged status Not for loan Home library Current library Date acquired Inventory number Total Checkouts Full call number Barcode Date last seen Price effective from Koha item type
    Dewey Decimal Classification     MUST Main Library MUST Main Library 13/05/2016 2001/16586   174 GOU 1995 2016-1869 13/05/2016 13/05/2016 Short Loan